ბათუმის შოთა რუსთაველის სახელმწიფო უნივერსიტეტის ბიბლიოთეკა

ჩანაწერი Meeting Name

ჩანაწერთა რაოდენობა, რომელიც გამოყენებულია: 2

001 - CONTROL NUMBER

  • control field: 22957

003 - CONTROL NUMBER IDENTIFIER

  • control field: GE_BSU

005 - DATE AND TIME OF LATEST TRANSACTION

  • control field: 20240725140709.0

008 - FIXED-LENGTH DATA ELEMENTS

  • fixed length control field: 240725|| aca||aabn | a|a d

040 ## - CATALOGING SOURCE

  • Original cataloging agency: GE_BSU
  • Transcribing agency: GE_BSU

111 ## - HEADING--MEETING NAME

  • Meeting name or jurisdiction name as entry element: ეკონომიკისა და ბიზნესის ფაკულტეტი

670 ## - SOURCE DATA FOUND

  • Source citation: Work cat.: (GE_BSU): კვაჭანტირაძე, ბესიკ 22955, სახელმწიფოს მმართველობითი და მარეგულირებელი ფუნქციები ეფექტიანი ბიზნესგარემოს ფორმირებაში - ევროპული გამოცდილება /